Najbardziej wartościowi piłkarze: Francja - Statystyki

Ogólne statystyki
  • Ten quiz został rozwiązany 169 razy
    163 od ostatniego zresetowania
  • Średni wynik to 9 z 20
Statystyki odpowiedzi
Wartość Klub Piłkarz % Poprawnych
180 mln PSG Kylian Mbappe
99%
56 mln Barcelona Ousmane Dembele
75%
40 mln Olympique Lyon Moussa Dembele
74%
80 mln Manchester United Paul Pogba
73%
96 mln Barcelona Antoine Griezmann
70%
80 mln Chelsea N'Golo Kante
70%
64 mln Real Madryt Raphael Varane
54%
40 mln Real Madryt Ferland Mendy
50%
40 mln Bayern Monachium Kingsley Coman
50%
40 mln Bayern Monachium Benjamin Pavard
46%
56 mln Bayern Monachium Lucas Hernandez
45%
45 mln RB Lipsk Dayot Upamecano
39%
48 mln Arsenal Alexandre Lacazette
35%
58 mln Manchester United Anthony Martial
34%
48 mln Barcelona Clement Lenglet
33%
60 mln Manchester City Aymeric Laporte
30%
45 mln Tottenham Tanguy Ndombele
20%
40 mln Monaco Wissam Ben Yedder
20%
40,5 mln RB Lipsk Ibrahima Konate
19%
49,5 mln Olympique Lyon Houssem Aouar
11%
Nie znaleziono quizów pasujących do podanych kryteriów
Rozkład punktacji
Procent ludzi z każdym wynikiem
Percentyl według liczby udzielonych odpowiedzi
Twoja historia wyników
Nie rozwiązałeś tego quizu od ostatniego zresetowania